KET practice tests : (Record no. 26188)
[ view plain ]
| 000 -LEADER | |
|---|---|
| fixed length control field | 01082nam a2200241 4500 |
| 001 - CONTROL NUMBER | |
| control field | vtls002547060 |
| 003 - CONTROL NUMBER IDENTIFIER | |
| control field | MY-SjTCS |
| 005 - DATE AND TIME OF LATEST TRANSACTION | |
| control field | 20200306154216.0 |
| 008 - FIXED-LENGTH DATA ELEMENTS--GENERAL INFORMATION | |
| fixed length control field | 110218 2002 enk 00 eng |
| 020 ## - INTERNATIONAL STANDARD BOOK NUMBER | |
| International Standard Book Number | 0194574504 |
| 039 #9 - LEVEL OF BIBLIOGRAPHIC CONTROL AND CODING DETAIL [OBSOLETE] | |
| Level of rules in bibliographic description | 201910311511 |
| Level of effort used to assign nonsubject heading access points | dianafitri |
| Level of effort used to assign subject headings | 201910111209 |
| Level of effort used to assign classification | dianafitri |
| Level of effort used to assign subject headings | 201102181303 |
| Level of effort used to assign classification | VLOAD |
| Level of effort used to assign subject headings | 200811241758 |
| Level of effort used to assign classification | VLOAD |
| -- | 200407271944 |
| -- | VLOAD |
| 082 04 - DEWEY DECIMAL CLASSIFICATION NUMBER | |
| Classification number | 428.24076 |
| Item number | CAP |
| 100 1# - MAIN ENTRY--PERSONAL NAME | |
| Personal name | Capel, Annette. |
| 9 (RLIN) | 15193 |
| 245 10 - TITLE STATEMENT | |
| Title | KET practice tests : |
| Remainder of title | four tests for the Cambridge Key English Test / |
| Statement of responsibility, etc. | Annette Capel, Sue Ireland |
| 260 ## - PUBLICATION, DISTRIBUTION, ETC. | |
| Place of publication, distribution, etc. | Oxford : |
| Name of publisher, distributor, etc. | Oxford University Press, |
| Date of publication, distribution, etc. | 2000 |
| 300 ## - PHYSICAL DESCRIPTION | |
| Extent | 85 p. : |
| Other physical details | ill. ; |
| Dimensions | 28 cm. |
| 500 ## - GENERAL NOTE | |
| General note | First published 2000 |
| 505 0# - FORMATTED CONTENTS NOTE | |
| Formatted contents note | Overview of the KET Examination. - Test 1. - Test 2. - Test 3. - Test 4. - Materials for the Speaking Test. - Answer Sheets. |
| 650 #0 - SUBJECT ADDED ENTRY--TOPICAL TERM | |
| Topical term or geographic name entry element | English language |
| Form subdivision | Textbooks for foreign speakers. |
| 9 (RLIN) | 10818 |
| 650 #0 - SUBJECT ADDED ENTRY--TOPICAL TERM | |
| Topical term or geographic name entry element | English language |
| General subdivision | Examinations |
| Form subdivision | Study guides. |
| 9 (RLIN) | 14760 |
| 700 1# - ADDED ENTRY--PERSONAL NAME | |
| Personal name | Ireland, Sue. |
| Relator term | (j.a.) |
| 9 (RLIN) | 208485 |
| 920 ## - Programme | |
| Programme | LAC : LC1055. This item is for reserved for lecturers of the Language Centre. |
| Withdrawn status | Lost status | Source of classification or shelving scheme | Damaged status | Not for loan | Home library | Current library | Date acquired | Total Checkouts | Barcode | Date last seen | Date last checked out | Copy number | Koha item type | Public note |
|---|---|---|---|---|---|---|---|---|---|---|---|---|---|---|
| Dewey Decimal Classification | Taylor's Library-TU | Taylor's Library-TU | 16/06/2009 | 7 | 5000088199 | 05/12/2019 | 08/09/2013 | 1 | Main Collection | SLASx,21003,03,GR |